000 00492nam a2200169Ia 4500
003 GCL
008 140319s9999 xx 000 0 ara d
040 _aGCL /
_cGCL
082 0 4 _a240
_bم ر
100 1 _aمحمد عمارة
245 1 0 _aرسائل العدل والتوحيد /
_cمحمد عمارة
260 _a[S.N] :
_bمركز الحضارة العربية للاعلام والنشر ،
_c1989
300 _a197 ص
490 _a
650 0 4 _aالتوحيد
942 _2ddc
_cBK
999 _c52355
_d52355